| 000 | 00634nam a2200169 i 4500 | ||
|---|---|---|---|
| 001 | 56923 | ||
| 003 | ES-MaACL | ||
| 005 | 20230906163457.0 | ||
| 007 | t| | ||
| 008 | 170120s1914 sp ||||1| spa d | ||
| 245 | 0 | 1 |
_a[Recuerdo de Federico Degateu _b: colección de artículos publicados a la muerte de Federico Degateu en diveros periódicos de España y Puerto Rico junto con extractos de sus escritos]. |
| 260 |
_a[S.l. : _bs.n., _c1914?] |
||
| 300 |
_a[20] p. : _bil. ; _c31 cm. |
||
| 500 | _aSin portada, datos tomados de la publicación. | ||
| 600 | 0 | 4 |
_aDegetau y González, Federico. _943218 |
| 852 |
_aES-MaACL _jT-1400-F-15 |
||
| 999 |
_c56923 _d56923 |
||